Kant y el problema de la metafísica

Enregistré dans:
Détails bibliographiques
Auteur principal: Heidegger, Martin (autor)
Format: Livre
Langue:espagnol
Publié: Ciudad de México Fondo de Cultura Económica 1954
Édition:1a. ed
Sujets:
Tags: Ajouter un tag
Pas de tags, Soyez le premier à ajouter un tag!

MARC

LEADER 00000cam a2200000 a 4500
001 UCD4134
003 CL-VaPUC
005 20250131110046.0
008 160623e19540000mx |||||||||||||||||spa|d
999 |c 365076  |d 365074 
040 |c Pontificia Universidad Católica de Valparaíso 
082 0 4 |a 142.3  |b HEI  |2 21 
100 |a Heidegger, Martin  |e autor  |9 896069 
245 1 0 |a Kant y el problema de la metafísica 
250 |a 1a. ed 
260 |a Ciudad de México  |b Fondo de Cultura Económica  |c 1954 
300 |a 210 p 
583 |a last modification  |c 20160623 20:48:00  |k Rodrigo Vera 
600 0 |a Kant, Immanuel,  |d 1724-1804  |9 858687 
650 0 |a Metafísica  |9 265649 
650 0 |a Ontología   |9 256850 
942 |c BK  |2 ddc 
945 |d 20160623 20:48:00  |a arojas 
952 |0 0  |1 0  |3 erb  |4 0  |6 142_300000000000000_HEI_1954  |7 0  |8 A  |9 478778  |a FDOHBE  |b FDOHBE  |e Huesbe Llanos, Marco Antonio, 1934-  |i 5333849  |o 142.3 HEI 1954  |p 5333849  |r 2024-01-30  |w 2019-11-24  |y BK  |z Catalogado en:20160623  |k HBE